000 00387pam a2200157a 44500
008 230515b1995 xxu||||| |||| 00| 0 eng d
020 _aNULL
041 _aENG
082 _a618.1
100 _aPadubidri V.G.
245 _aShaw`s Textbook of Gynaecology
250 _a11th
260 _aNULL
_bB.I.Churchill Livingstone
_c1995
300 _a980
650 _aGynaecology & Obstetrics
999 _c546204
_d546204